Laços de família (Record no. 44776)

MARC details
000 -Etiqueta do registo
Valores 00761nam a2200241 4500
010 ## - Número ISBN
ISBN 9789727951503
021 ## - Número do Depósito Legal
Número 366475/13
100 ## - Dados gerais de processamento
Dados gerais 20140121d2013 m y0pory5003 ba
101 0# - Língua de publicação
Língua por
102 ## - País de publicação
País PT
200 1# - Titulo e menção de responsabilidade
Título próprio Laços de família
Informação de outro título contos
Primeira menção de responsabilidade Clarice Lispector
Outras menções de responsabilidade posf. Carlos Mendes de Sousa
205 ## - Menção da edição
Edição 3.ª ed.
210 #9 - Publicação
Local de publicação Lisboa
Nome do editor Cotovia,
Data de publicação 2013
215 ## - Descrição física 
Paginação / Volumes 157, [2] p.
Dimensões 21 cm
225 2# - Colecção 
Título próprio da colecção Curso breve de literatura brasileira
Indicação de volume 11
675 ## - CDU
Notação 821.134.3(81)-34"19"
Edição BN
Língua por
700 #1 - Autor principal
Apelido Lispector,
Nome Clarice,
Datas 1920-1977
702 #1 - Autor secundário
Apelido Sousa,
Nome Carlos Mendes de
Função 075
801 #0 - Fonte de origem
País PT
Agência BN
Regras de catalogação RPC
856 41 - Localização e acesso electrónico 
URL <a href="http://rnod.bnportugal.gov.pt/ImagesBN/winlibimg.aspx?skey=&doc=1861939&img=37669&save=true">http://rnod.bnportugal.gov.pt/ImagesBN/winlibimg.aspx?skey=&doc=1861939&img=37669&save=true</a>
990 ## - Elementos KOHA
Tipo de documento Livro
Holdings
Aquisição Empréstimo Código de barras Cota Permissão de empréstimo Tipo de documento
Biblioteca Municipal de Redondo Biblioteca Municipal de Redondo 054899 821.134.3(81)-3 LIS   Livro

Powered by Koha